Reversed Oceania Map Quiz - Statistics

General Stats
  • This quiz has been taken 51 times
  • The average score is 12 of 16
Answers on the Map
Answers color-coded by a green-red scale on the quiz's map according to % correct below.
 
Answer Stats
Answer % Correct
ailartsuA
95%
arniuG weN aupaP
92%
dnalaeZ weN
87%
ijiF
82%
sdnalsI nomoloS
82%
utaunaV
82%
itabiriK
79%
sdnalsI llahsraM
76%
uruaN
76%
agnoT
74%
aisenorciM
74%
aomaS
74%
ualaP
74%
ainodelaC weN
71%
ulavuT
63%
aisenyloP hcnerF
55%
No matching quizzes found
Score Distribution
Percent of People with Each Score
Percentile by Number Answered
Your Score History
You have not taken this quiz